Biggest Cities in Victoria on the Map - Statistics

General Stats
  • This quiz has been taken 391 times
  • The average score is 10 of 20
Answers on the Map
Answers color-coded by a green-red scale on the quiz's map according to % correct below.
 
Answer Stats
Pop City % Correct
4.91 m Melbourne
100%
393 k Geelong
83%
116 k Ballarat
76%
103 k Bendigo
73%
56.9 k Mildura
62%
68.4 k Shepparton-Mooroopna
57%
43.2 k Wodonga
56%
35.4 k Warrnambool
55%
61.9 k Melton
47%
26.9 k Traralgon
44%
20.4 k Horsham
43%
16.8 k Moe-Newborough
41%
18.5 k Torquay-Jan Juc
41%
29.8 k Wangaratta
41%
38.8 k Sunbury
39%
24.7 k Bacchus Marsh
37%
23.0 k Warragul
35%
15.4 k Lara
34%
19.3 k Ocean Grove-Barwon Heads
34%
15.5 k Drysdale - Clifton Springs
21%
No matching quizzes found
Score Distribution
Percent of People with Each Score
Percentile by Number Answered
Your Score History
You have not taken this quiz